| 000 | 01277cam a2200277 a 4500 | ||
|---|---|---|---|
| 005 | 20160115074510.0 | ||
| 008 | 090624s2006 ck a gr 00010 spa d | ||
| 015 | _ack-2006-xxxx | ||
| 020 | _a9583399000 | ||
| 040 |
_aCO-BoBLA _cCO-BoBLA |
||
| 041 | _aspa | ||
| 044 | _ack | ||
| 082 | 0 | 4 |
_a333.9516 _bA83a |
| 110 | 2 | _aAsociación Organización Quindiana de Ambientalistas "Orquidea" | |
| 245 | 1 | 0 |
_aÁreas naturales protegidas en el departamento del Quindío : _bUna experiencia de participación social / _cAsociación Organización Quindiana de Ambientalistas Orquidea , Asociacion Colombiana de Reservas Naturales de la Sociedad Civil Resnatur - Nodo Regional Eje Cafetero ; . ... [et. al.]. |
| 260 |
_aArmenia : _bOrquidea, _c2006. |
||
| 300 |
_a82 p. : _bil.,mapas, fotos, ; _c26 cm. |
||
| 650 | 1 | 4 |
_aProtección del medio ambiente _z _z Quindío (Colombia) |
| 650 | 2 | 4 |
_aConservación del agua _z Quindío (Colombia) |
| 650 | 2 | 4 | _aAreas de conservación de recursos naturales. |
| 650 | 2 | 4 |
_aParques naturales _z Quindío (Colombia) |
| 700 | 1 | _aGarcía Parra, Alba Lorena. | |
| 710 | 2 | _aAsociacion Colombiana de Reservas Naturales de la Sociedad Civil. | |
| 942 |
_2ddc _cLIBRO |
||
| 949 |
_ac _bc |
||
| 999 |
_c7010 _d7010 |
||